| 000 | 00630cam a22002417a 4500 | ||
|---|---|---|---|
| 001 | 108609 | ||
| 005 | 20230410132822.0 | ||
| 008 | 080329s2007 cu 000 0 spa | ||
| 035 | _a15301084 | ||
| 925 | 0 |
_aacquire _b1 shelf copy _xpolicy default |
|
| 942 | _2lcc | ||
| 010 | _a 2008442874 | ||
| 020 | _a9789591015471 | ||
| 035 | _a(UyMoLRL)lrret34723 | ||
| 040 |
_aDLC _cDLC |
||
| 050 | 1 | 4 | _a1erAPT1erB151o 2007 |
| 100 | 1 |
_aBáhr, Aida, _d1958- |
|
| 245 | 1 | 0 |
_aOfelias / _cAida Bahr. |
| 260 |
_aLa Habana : _bLetras Cubanas, _cc2007. |
||
| 300 |
_a86 p. ; _c21 cm. |
||
| 923 |
_d20080514 _n21391 _sUyMoLRL |
||
| 946 | _aPP | ||
| 999 |
_c88320 _d88320 |
||